[Event "AUTO-ADV-4897"]
[Site "http://www.queenalice.com/game.php?id=1863971"]
[Date "2025.10.8"]
[Round "1"]
[White "yasseryack"]
[Black "Esvir"]
[Result "0-1"]
[WhiteElo "1913"]
[BlackElo "2040"]

1. f4 d5 2. g3 Nc6 3. Bg2 Nf6 4. Nf3 e6 5. d3 Be7 6. Bd2 O-O 7. O-O Bc5+ 8. e3
Ng4 9. d4 Bb6 10. Na3 Ne7 11. Ng5 Nh6 12. Qe2 Nhf5 13. c4 dxc4 14. Nxc4 Nd5 15.
Bxd5 exd5 16. Nxb6 axb6 17. Bb4 Re8 18. Nf3 Rxe3 19. Qd2 Re4 20. g4 Ne3 21. Rfe1
Nxg4 22. Rxe4 dxe4 23. Ng5 e3 24. Qd3 g6 25. Rf1 c5 26. Bc3 Rxa2 27. Qc4 Be6 28.
Nxe6 Qh4 29. Qe2 fxe6 30. dxc5 bxc5 31. Qg2 b5 32. h3 Nf2 33. Rxf2 exf2+ 34.
Qxf2 Qxh3 35. Qe1 Ra4 36. Qf2 Ra1+ 37. Be1 Qg4+ 38. Kh2 h5 39. Qe3 Kf7 40. Qe5
h4 41. Qc7+ Kg8 42. Qd8+ Kh7 43. Qe7+ Kh6 44. Qf8+ Kh7 45. Qe7+ Kg8 46. Qd8+ Kf7
47. Bxh4 Qg1+ 48. Kh3 Qh1+ 49. Kg4 Qg2+ 50. Bg3 Qe2+ 51. Kh4 Qh5# 0-1

[Event "AUTO-ADV-4897"]
[Site "http://www.queenalice.com/game.php?id=1863972"]
[Date "2025.10.8"]
[Round "1"]
[White "Esvir"]
[Black "yasseryack"]
[Result "1-0"]
[WhiteElo "2034"]
[BlackElo "1882"]

1. e4 c5 2. Nf3 g6 3. c3 Bg7 4. d4 Nf6 5. e5 Nd5 6. Bg5 O-O 7. Nbd2 b6 8. Bc4
Bb7 9. O-O Qe8 10. Ne4 Nc7 11. Ng3 b5 12. Bb3 c4 13. Bc2 f6 14. exf6 exf6 15.
Bf4 Nd5 16. Bd6 Rf7 17. Re1 Qd8 18. Qd2 Nc6 19. Re2 Nde7 20. Rae1 Qb6 21. Bxe7
Nxe7 22. Rxe7 Bxf3 23. Re8+ Rxe8 24. Rxe8+ Rf8 25. Rxf8+ Bxf8 26. gxf3 Qc6 27.
Be4 Qe6 28. d5 Qe5 29. f4 Qd6 30. Qd4 Qxf4 31. Qxa7 d6 32. Nh5 Qg5+ 33. Ng3 h5
34. Kf1 Qc1+ 35. Kg2 f5 36. Bf3 h4 37. Ne2 Qg5+ 38. Kf1 Bg7 39. Qb8+ Kh7 40.
Qxd6 Qd2 41. Qf4 Qxf4 42. Nxf4 Be5 43. Ne6 Bxh2 44. Kg2 Be5 45. Kh3 Bf6 46. d6
g5 47. d7 g4+ 48. Bxg4 fxg4+ 49. Kxg4 Kg6 50. d8=Q Bxd8 51. Nxd8 Kf6 52. f4 Ke7
53. Nc6+ Kd6 54. Nd4 1-0

[Event "AUTO-ADV-4897"]
[Site "http://www.queenalice.com/game.php?id=1863973"]
[Date "2025.10.8"]
[Round "1"]
[White "yasseryack"]
[Black "maurice916"]
[Result "1-0"]
[WhiteElo "1891"]
[BlackElo "2041"]

1. b3 c6 2. Bb2 d5 3. g3 Nf6 4. Bg2 Bf5 5. Bxf6 exf6 6. Nf3 Bd6 7. O-O O-O 8. c3
Re8 9. Nd4 Bg6 10. d3 Nd7 11. Nd2 Ne5 12. f4 Ng4 13. Nc2 h6 14. f5 Bh7 15. Bh3
Ne3 16. Nxe3 Rxe3 17. Rf3 Re5 18. d4 Re8 19. a3 Qc7 20. c4 Qd7 21. c5 Bc7 22.
Nf1 Re7 23. Rb1 Rae8 24. e3 Qd6 25. cxd6 Bxd6 26. b4 Re4 27. Qd3 Kh8 28. b5 g5
29. bxc6 bxc6 30. Rb7 g4 31. Bxg4 Rxg4 32. Rxf7 Be7 33. Qa6 Kg8 34. Rxh7 Kxh7
35. Qxc6 Rgg8 36. Qxd5 Bxa3 37. Qf7+ Kh8 38. Qxf6+ Kh7 39. Nd2 Re7 40. Nc4 Bb4
41. Ne5 Rgg7 42. Qh4 Rc7 43. Kg2 Be7 44. f6 Rxg3+ 45. Rxg3 Bf8 46. Qe4+ Kh8 47.
Ng6+ 1-0

[Event "AUTO-ADV-4897"]
[Site "http://www.queenalice.com/game.php?id=1863974"]
[Date "2025.10.8"]
[Round "1"]
[White "maurice916"]
[Black "yasseryack"]
[Result "1-0"]
[WhiteElo "1810"]
[BlackElo "1902"]

1. Nf3 c5 2. b3 b6 3. Bb2 Bb7 4. e3 Nc6 5. Be2 g6 6. Bxh8 f6 7. O-O Qc7 8. d4
cxd4 9. Nxd4 Nb4 10. c3 Nd5 11. c4 Nb4 12. a3 Na6 13. Nb5 Qe5 14. Nd2 Qg5 15.
Nf3 Qg4 16. h3 Qe4 17. Bd3 Qe6 18. Nbd4 Qd6 19. Nb5 Qc5 20. b4 Qh5 21. e4 g5 22.
Be2 Qf7 23. c5 bxc5 24. e5 h5 25. exf6 exf6 26. Nxg5 fxg5 27. Bxh5 Qxh5 28.
Qxh5+ Kd8 29. Qxg5+ Ne7 30. Nd6 Bd5 31. Rfd1 Nc7 32. bxc5 Ne6 33. Rxd5 Nxg5 34.
Rxg5 Rb8 35. Be5 Rb3 36. Bf6 Kc7 37. Ne8+ Kc6 38. Re5 Nd5 39. Bd8 Bxc5 40. Rd1
Nc3 41. Rc1 Rxa3 42. Nc7 Kd6 43. Rh5 Ne2+ 44. Kf1 Nxc1 45. Nb5+ Kc6 46. Nxa3
Bxa3 47. Rh6+ d6 48. Rh7 Bc5 49. Ba5 Kb5 50. Bd2 Nd3 51. Be3 a5 52. Bxc5 dxc5
53. Ke2 Nf4+ 54. Kf3 Ne6 55. Ra7 Kb6 56. Ra8 Kb5 57. h4 c4 58. Ke4 c3 59. Kd3
Nf4+ 60. Kxc3 Nxg2 61. h5 Nf4 62. h6 Ng6 63. h7 a4 64. f4 Nxf4 65. h8=Q Nd5+ 66.
Kd4 Nb6 67. Rb8 a3 68. Rxb6+ Kxb6 69. Qa8 Kb5 70. Qxa3 1-0

[Event "Challenge"]
[Site "http://www.queenalice.com/game.php?id=1868152"]
[Date "2026.1.18"]
[Round "-"]
[White "jogo"]
[Black "yasseryack"]
[Result "0-1"]
[WhiteElo "1754"]
[BlackElo "1866"]

1. e4 c5 2. Nf3 b6 3. d4 e6 4. c3 Bb7 5. Bd3 Qc8 6. Be3 c4 7. Bc2 Nf6 8. Nbd2
Be7 9. O-O d6 10. e5 dxe5 11. dxe5 Nd5 12. Bg5 f6 13. exf6 Bxf6 14. Bxf6 Nxf6
15. Re1 O-O 16. Ng5 Bd5 17. Re3 Qc6 18. Qb1 g6 19. Bxg6 Kg7 20. Bxh7 Qe8 21. Rg3
Nxh7 22. Qxh7+ Kf6 23. Nge4+ Bxe4 24. Nxe4+ Ke5 25. Re1 Kd5 26. Qg7 Kc6 0-1

[Event "Challenge"]
[Site "http://www.queenalice.com/game.php?id=1868153"]
[Date "2026.1.18"]
[Round "-"]
[White "yasseryack"]
[Black "jogo"]
[Result "1-0"]
[WhiteElo "1878"]
[BlackElo "1742"]

1. f4 e5 2. d3 exf4 3. h4 g5 4. hxg5 Qxg5 5. Rh3 d5 6. Nf3 Qe7 7. Rh2 Qf6 8. Qd2
Bd6 9. c3 Ne7 10. b3 Nf5 11. Bb2 Ne3 12. c4 Bb4 13. Bxf6 Bxd2+ 14. Nbxd2 O-O 15.
Rc1 Ng4 16. Rh4 Nxf6 17. Rxf4 Kg7 18. Rd4 c5 19. Rh4 Re8 20. cxd5 Nxd5 21. Rxc5
Nf6 22. Nc4 Nc6 23. e4 h6 24. Nfe5 Nxe5 25. Nxe5 Nd7 26. Nxd7 Bxd7 27. g4 1-0

[Event "AUTO-ADV-4926"]
[Site "http://www.queenalice.com/game.php?id=1870859"]
[Date "2026.3.24"]
[Round "1"]
[White "yasseryack"]
[Black "zubarev"]
[Result "0-1"]
[WhiteElo "1914"]
[BlackElo "1972"]

1. d4 d5 2. Nf3 Nf6 3. e3 e6 4. Bd3 Nc6 5. O-O Bd6 6. a3 O-O 7. Nc3 Re8 8. Qe2
e5 9. e4 exd4 10. Nb5 dxe4 11. Bxe4 Nxe4 12. Qd3 Bc5 13. Bf4 Bb6 14. Rae1 Bf5
15. Bg5 f6 16. Qc4+ Kh8 17. Bf4 Rc8 18. Rd1 Na5 19. Qf7 Re7 20. Qh5 Qd7 21.
Nfxd4 Bg4 22. Nf5 Bxh5 23. Rxd7 Rxd7 24. Ne3 Be2 25. Re1 Bxb5 26. c4 Nxc4 27.
Nd1 Nxb2 28. Ne3 Nd3 29. Rd1 Nxf4 30. Rxd7 Bxd7 31. g3 Nd3 32. Kg2 Nexf2 33. Nc4
Ne1+ 34. Kf1 Re8 35. Nxb6 cxb6 36. Kxf2 a5 37. h4 b5 38. Kg1 b4 39. axb4 a4 40.
Kh2 a3 0-1

[Event "AUTO-ADV-4926"]
[Site "http://www.queenalice.com/game.php?id=1870860"]
[Date "2026.3.24"]
[Round "1"]
[White "zubarev"]
[Black "yasseryack"]
[Result "0-1"]
[WhiteElo "1933"]
[BlackElo "1918"]

1. d4 d6 2. c4 c6 3. Nc3 Nf6 4. e4 Qc7 5. Nf3 e5 6. Be2 Nbd7 7. O-O Be7 8. Bg5
O-O 9. d5 a6 10. Nd2 Nc5 11. f4 h6 12. Bh4 Kh8 13. Rc1 Rg8 14. f5 Nh7 15. Bxe7
Qxe7 16. Nf3 f6 17. Nh4 Nf8 18. Rf3 g6 19. Rf1 Qg7 20. dxc6 gxf5 21. Bf3 Qg5 22.
Qe1 Nd3 23. Qd2 Qxd2 0-1

[Event "AUTO-ADV-4926"]
[Site "http://www.queenalice.com/game.php?id=1870861"]
[Date "2026.3.24"]
[Round "1"]
[White "yasseryack"]
[Black "SGF"]
[Result "1-0"]
[WhiteElo "1928"]
[BlackElo "1641"]

1. d4 d5 2. Nf3 f6 3. e3 Bg4 4. Be2 c6 5. O-O h5 6. h3 Bxf3 7. Bxf3 g5 8. Bxh5+
Kd7 9. Nc3 b5 10. e4 Kc7 11. Bg4 a5 12. f4 Nh6 13. fxg5 Nxg4 14. Qxg4 dxe4 15.
Qxe4 Nd7 16. gxf6 Nxf6 17. Rxf6 exf6 18. Bf4+ Kb6 19. Be3 Bd6 20. d5+ c5 21. Rf1
Re8 22. Qd3 Qd7 23. Rxf6 Re5 24. Nxb5 Rxd5 25. Qxd5 Rd8 26. Nxd6 Qe7 27. Nc4+
Kb5 28. Na3+ Kb4 29. Qc4# 1-0

[Event "AUTO-ADV-4926"]
[Site "http://www.queenalice.com/game.php?id=1870862"]
[Date "2026.3.24"]
[Round "1"]
[White "SGF"]
[Black "yasseryack"]
[Result "0-1"]
[WhiteElo "1630"]
[BlackElo "1933"]

1. e4 d6 2. Qf3 c6 3. d3 Qc7 4. Be2 Nf6 5. Qg3 e5 6. h3 Be6 7. Bg4 Bxg4 8. hxg4
g6 9. f3 Nbd7 10. Bg5 Bg7 11. a4 O-O 12. Qh4 Rfe8 13. Bxf6 Nxf6 14. Nd2 d5 15.
Ne2 Rad8 16. g5 Nh5 17. g4 Kf8 18. gxh5 dxe4 19. Nxe4 Qb6 20. b3 Qe3 21. hxg6
fxg6 22. Qxh7 Kf7 23. Qh3 Rh8 24. Qg2 Rxh1+ 25. Qxh1 Rh8 26. Qg2 Bf8 27. Nf2
Bb4+ 28. Kf1 Be7 29. Ne4 Rh5 30. a5 Bxg5 31. N4g3 Rh6 32. Ne4 Be7 33. a6 b6 34.
Ra4 Rh5 35. d4 b5 36. Ra2 exd4 37. N2g3 Rh4 38. c3 dxc3 39. Re2 Qd3 40. Kf2 c2
41. Qf1 Qxb3 42. Qc1 Rh2+ 43. Kg1 Rxe2 44. Nxe2 Qb1 45. N4c3 Qb3 46. Kg2 b4 47.
Nd4 Qxc3 48. Qxc2 Qxd4 49. Qb3+ Kg7 50. Kg3 Bd6+ 51. Kg2 Qh4 52. Qb2+ Kf8 53.
Kf1 Qh1+ 54. Kf2 Qh2+ 55. Ke3 Qxb2 56. f4 Bc5+ 57. Kf3 Qf2+ 58. Kg4 Qg2+ 59. Kh4
Be7# 0-1

[Event "AUTO-ADV-4926"]
[Site "http://www.queenalice.com/game.php?id=1870863"]
[Date "2026.3.24"]
[Round "1"]
[White "yasseryack"]
[Black "Capixabba789"]
[Result "0-1"]
[WhiteElo "1948"]
[BlackElo "1852"]

1. d4 d5 2. Nf3 e6 3. e3 f5 4. Bd3 Nf6 5. O-O Be7 6. Bd2 O-O 7. Nc3 Bd7 8. a3
Nc6 9. Qe2 Ne4 10. Ne5 Nxe5 11. dxe5 c5 12. Be1 c4 13. Bxe4 fxe4 14. a4 Qc7 15.
f4 exf3 16. Rxf3 Rxf3 17. Qxf3 Qxe5 18. Bg3 Qg5 19. Ne2 Bc5 20. Bf4 Qf6 21. Qg3
Rf8 22. Rf1 e5 23. Qf3 exf4 24. Qxd5+ Qe6 25. Qxe6+ Bxe6 26. Kh1 Bxe3 27. Nc3
Bc5 28. Ne4 Be3 29. c3 Bd5 30. Nd6 g5 31. h3 h5 32. Rd1 Bc6 33. Nxc4 Bf2 34. Ne5
Bxa4 35. Rd2 Bg3 36. Ng6 Re8 37. Nxf4 Re1# 0-1

[Event "AUTO-ADV-4926"]
[Site "http://www.queenalice.com/game.php?id=1870864"]
[Date "2026.3.24"]
[Round "1"]
[White "Capixabba789"]
[Black "yasseryack"]
[Result "0-1"]
[WhiteElo "1865"]
[BlackElo "1935"]

1. d4 d6 2. e4 c6 3. f4 Qc7 4. Nf3 Nf6 5. Bd3 Nbd7 6. O-O e5 7. f5 Be7 8. Be3
O-O 9. dxe5 dxe5 10. Nc3 b6 11. Ne2 Bb7 12. Ng3 c5 13. a3 c4 14. Be2 Rad8 15.
Bxc4 Qxc4 16. Qc1 Bxe4 17. b3 Qxc2 18. Nxe4 Qxe4 19. Ng5 Qh4 20. Rf3 e4 21. Rh3
Qg4 22. Qf1 Bc5 23. Bxc5 Nxc5 24. Rg3 Qh5 25. b4 Nd3 26. Nh3 Rd5 27. Nf4 Nxf4
28. Qxf4 Rd1+ 29. Rxd1 Qxd1+ 30. Qf1 Qxf1+ 31. Kxf1 Rd8 32. Rc3 Nd5 33. Rc1 Ne3+
34. Kf2 Nxf5 35. g4 Nh6 36. h3 f6 37. Rc7 a5 0-1

[Event "AUTO-OPEN-4644"]
[Site "http://www.queenalice.com/game.php?id=1870919"]
[Date "2026.3.24"]
[Round "1"]
[White "yasseryack"]
[Black "Capixabba789"]
[Result "1/2-1/2"]
[WhiteElo "1934"]
[BlackElo "1915"]

1. d4 d5 2. Nf3 Nf6 3. e3 e6 4. Bd3 Be7 5. O-O O-O 6. Nc3 c6 7. Qe2 Nbd7 8. e4
dxe4 9. Nxe4 Nxe4 10. Qxe4 Nf6 11. Qe2 Bd7 12. Bg5 Nd5 13. Qe4 f5 14. Qh4 Bxg5
15. Nxg5 Nf6 16. Rae1 h6 17. Nf3 Ng4 18. Qg3 h5 19. Qh3 g6 20. Bc4 Qf6 21. c3
Kg7 22. Qg3 b5 23. Bd3 a5 24. Ne5 Nxe5 25. dxe5 Qf7 26. a3 Kh6 27. f4 c5 28. Be2
Qe7 29. Rd1 Ra6 30. a4 c4 31. Rd4 Rg8 32. Rfd1 Bc6 33. Rd6 Qa7+ 34. Kh1 Bd5 35.
Qg5+ Kh7 36. axb5 Rxd6 37. exd6 Qd7 38. Qe7+ Qxe7 39. dxe7 Re8 40. Ra1 Rxe7 41.
Rxa5 Rb7 42. Kg1 Rb6 43. Kf2 Kg7 44. g3 Kf6 45. Ke3 e5 46. fxe5+ Kxe5 47. h3 Kd6
48. Kd4 Be4 49. Bxc4 g5 50. Ra6 Kc7 51. Rxb6 Kxb6 52. Be2 Bg2 53. h4 gxh4 54.
gxh4 f4 55. c4 f3 56. c5+ Kc7 57. Bd3 f2 58. b4 f1=Q 59. Bxf1 Bxf1 60. b6+ Kc6
61. Ke5 Be2 62. Kf6 Bf3 63. Kf5 Kb5 64. Ke5 Kxb4 65. Kd6 Kb5 66. Kc7 Kxc5 67. b7
Bxb7 68. Kxb7 Kd5 69. Kc7 Ke6 70. Kc6 Kf5 71. Kd6 Kg4 72. Ke5 Kxh4 73. Kf4 Kh3
74. Kf3 h4 75. Kf2 Kh2 76. Kf1 h3 77. Kf2 Kh1 78. Kf1 h2 79. Kf2 1/2-1/2

[Event "AUTO-OPEN-4644"]
[Site "http://www.queenalice.com/game.php?id=1870920"]
[Date "2026.3.24"]
[Round "1"]
[White "Capixabba789"]
[Black "yasseryack"]
[Result "1-0"]
[WhiteElo "1865"]
[BlackElo "1933"]

1. d4 d6 2. e4 c6 3. Nc3 Nf6 4. Bd3 Qc7 5. f4 b5 6. Nf3 Nbd7 7. O-O a5 8. e5
dxe5 9. dxe5 Ng8 10. e6 fxe6 11. Ng5 Ndf6 12. Nce4 Bb7 13. Nxe6 Qb6+ 14. Kh1 c5
15. Nxf8 Kxf8 16. Ng5 Rd8 17. Qe1 Qc6 18. Ne6+ Ke8 19. Rg1 Rd6 20. Nxg7+ Kd8 21.
f5 Bc8 22. Qf1 c4 23. Be2 Qc5 24. Bf4 Rd7 25. Ne6+ Ke8 26. Nxc5 Rd5 27. Ne6 Rxf5
28. Ng7+ Kf7 29. Nxf5 Bxf5 30. c3 h5 31. Be5 e6 32. Rd1 Rh6 33. Rd8 Nd5 34. Rxd5
Nf6 35. Rxb5 Kg6 36. Bxf6 Kxf6 37. Rxf5+ exf5 38. Bxc4 Kg5 39. Qc1+ f4 40. a4 h4
41. Rf1 Rf6 42. Bd5 Rf5 43. c4 Kg4 44. Be6 1-0

[Event "AUTO-OPEN-4644"]
[Site "http://www.queenalice.com/game.php?id=1870923"]
[Date "2026.3.24"]
[Round "1"]
[White "yasseryack"]
[Black "game"]
[Result "1-0"]
[WhiteElo "1906"]
[BlackElo "1653"]

1. d4 c6 2. Nf3 d5 3. e3 Bf5 4. Be2 e6 5. Bd2 Qb6 6. Bc3 Nf6 7. Nbd2 Ng4 8. Nh4
Bb4 9. Nxf5 exf5 10. O-O Qc7 11. Bxg4 Bd6 12. Bxf5 Nd7 13. f4 O-O 14. Nf3 Rfe8
15. Ng5 Rxe3 16. Bxh7+ Kf8 17. Bf5 Bxf4 18. Rxf4 Qxf4 19. Nh7+ Kg8 20. Bxd7 Kxh7
21. Bd2 Rd8 22. Bxe3 Qxe3+ 23. Kh1 Rxd7 24. Qh5+ Kg8 25. Qg4 Re7 26. h3 Re4 27.
Qc8+ Kh7 28. c3 Qd2 29. Rf1 Qxb2 30. c4 dxc4 31. Qf5+ g6 32. Qxe4 c3 33. Rxf7+
Kh6 34. Qh4# 1-0

[Event "AUTO-OPEN-4644"]
[Site "http://www.queenalice.com/game.php?id=1870924"]
[Date "2026.3.24"]
[Round "1"]
[White "game"]
[Black "yasseryack"]
[Result "0-1"]
[WhiteElo "1659"]
[BlackElo "1900"]

1. e4 d6 2. Bc4 c6 3. d4 Nf6 4. Nf3 e6 5. Nc3 Qc7 6. O-O Nbd7 7. Bd2 Be7 8. Bf4
O-O 9. e5 Nd5 10. Bg3 Nxc3 11. bxc3 Nb6 12. exd6 Bxd6 13. Qd3 Bxg3 14. fxg3 Nxc4
15. Qxc4 a5 16. Ne5 Rd8 17. Nxf7 Rf8 18. Ng5 Rxf1+ 19. Rxf1 Qe7 20. h4 Bd7 21.
Qd3 g6 22. Re1 Rf8 23. c4 c5 24. d5 e5 25. Qc3 Qf6 26. Qxa5 Qf2+ 27. Kh2 Qxc2
28. Qxc5 Qc3 29. Rxe5 Qxe5 30. Nf3 Qb2 31. d6 Bc6 32. Ne5 Qxg2# 0-1